Statistics for U.S. Cities Based on First Two Letters

Click here to take the quiz!

General Stats

  • This quiz has been taken 51 times
  • The average score is 14 of 16

Answer Stats

LettersCity% Correct
CHChicago | Charlotte | Chandler | Chula Vista | Chesapeake | Chattanooga | Charleston | Chico
100%
PHPhoenix | Philadelphia
100%
DADallas | Dayton | Davie | Daly City | Davenport
98%
OKOklahoma City
98%
CLCleveland | Clarksville | Clovis | Clearwater
96%
TUTucson | Tulsa | Tuscaloosa
94%
BABaltimore | Bakersfield | Baton Rouge
90%
NENew York | New Orleans | Newark | Newport News | New Haven | New Bedford
88%
OAOakland
88%
CICincinnati
85%
NONorth Las Vegas | Norfolk | Norman | North Charleston | Norwalk
85%
FOFort Worth | Fort Wayne | Fontana | Fort Lauderdale | Fort Collins
81%
NANashville | Naperville | Nampa
81%
RARaleigh | Rancho Cucamonga
81%
FRFresno | Fremont | Frisco
77%
BUBuffalo | Burbank | Buckeye
67%

Score Distribution

Percentile by Number Answered

Percent of People with Each Score

Your Score History

You have not taken this quiz